000 02481nam a2200757 i 4500
001 29920
003 KOSZ 005
005 20240405063049.0
008 970510s1993 pl f |000 0 pol
015 _aUWD 1993/6000
020 _a8390087200
035 _a991000999599705066
035 _a(PL-WaBN)b1030289x-48omnis_nlop
035 _ab1030289x
035 _a(OCoLC)749343857
035 _a(PL)b0000001030289
035 _a(EXLNZ-48OMNIS_NETWORK)9910450299105606
040 _aWA N
_cWA N
_dKOSZ 005/EG
041 _apol
080 _a17
080 _a(075.8)
245 0 0 _aProblemy etyki :
_bwybór tekstów /
_cw oprac. Stefana Sarnowskiego i Edmunda Fryckowskiego.
260 _aBydgoszcz :
_bAgencja Marketingowa "Branta",
_c1993.
300 _a252 s. ;
_c21 cm.
336 _aTekst
_btxt
_2rdacontent
337 _aBez urządzenia pośredniczącego
_bn
_2rdamedia
338 _aWolumin
_bnc
_2rdacarrier
380 _aKsiążki
388 _a1901-2000
388 _a1989-2000
500 _aTekst gł. tł. z różnych jęz.
504 _aBibliogr. s. 247-252.
648 7 _a100-1 p.n.e.
_2DBN
648 7 _a1001-1100
_2DBN
648 7 _a101-200
_2DBN
648 7 _a1-100
_2DBN
648 7 _a1101-1200
_2DBN
648 7 _a1201-1300
_2DBN
648 7 _a1301-1400
_2DBN
648 7 _a1401-1500
_2DBN
648 7 _a1501-1600
_2DBN
648 7 _a1601-1700
_2DBN
648 7 _a1701-1800
_2DBN
648 7 _a1801-1900
_2DBN
648 7 _a1901-2000
_2DBN
648 7 _a200-101 p.n.e.
_2DBN
648 7 _a201-300
_2DBN
648 7 _a300-201 p.n.e.
_2DBN
648 7 _a301-400
_2DBN
648 7 _a400-301 p.n.e.
_2DBN
648 7 _a401-500
_2DBN
648 7 _a500-401 p.n.e.
_2DBN
648 7 _a501-600
_2DBN
648 7 _a601-700
_2DBN
648 7 _a701-800
_2DBN
648 7 _a801-900
_2DBN
648 7 _a 901-1000
_2DBN
650 7 _aEtyka
_2DBN
658 _aFilozofia i etyka
700 1 _aFryckowski, Edmund
_d(19..-2004)
_eOpracowanie
700 1 _aSarnowski, Stefan
_d(1939- )
_eOpracowanie
710 2 _aAgencja Marketingowa, Oficyna Wydawnicza Branta
_4pbl
856 _uhttp://koha.tu.koszalin.pl/cgi-bin/koha/opac-detail.pl?biblionumber=29920
_yKatalog online BPK
942 _2UKD
_cKS
999 _c29920
_d29920